España (Record no. 142820)

MARC details
000 -LEADER
campo de control de longitud fija 00534nam a2200169 i 4500
001 - NÚMERO DE CONTROL
campo de control 142820
003 - IDENTIFICADOR DE NÚMERO DE CONTROL
campo de control ES-MaACL
005 - FECHA Y HORA DE LA ÚLTIMA TRANSACCIÓN
campo de control 20250925063045.0
007 - CAMPO FIJO DE DESCRIPCIÓN FÍSICA--INFORMACIÓN GENERAL
campo de control de longitud fija t|
008 - DATOS DE LONGITUD FIJA--INFORMACIÓN GENERAL
campo de control de longitud fija 071010s1940 sp ||||1| spa d
100 1# - ENTRADA PRINCIPAL--NOMBRE DE PERSONA
Nombre de persona Vicens Vives, Jaime,
Fechas asociadas al nombre 1910-1960
9 (RLIN) 114319
245 10 - MENCIÓN DEL TÍTULO
Título España
Resto del título : geopolítica del estado y del imperio /
Mención de responsabilidad, etc. Jaime Vicens Vives.
260 ## - PUBLICACIÓN, DISTRIBUCIÓN, ETC.
Lugar de publicación, distribución, etc. Barcelona :
Nombre del editor, distribuidor, etc. [s.n.],
Fecha de publicación, distribución, etc. [1940] (
Fabricante Antonio J. Rovira)
300 ## - DESCRIPCIÓN FÍSICA
Extensión 215 p. :
Otras características físicas il. ;
Dimensiones 23 cm.
852 ## - LOCALIZACIÓN
Ubicación ES-MaACL
Número de control de estantería A-5232
Sublocalización o colección R.18273
Holdings
Estatus retirado Estado de pérdida Estado de daño No para préstamo Biblioteca de origen Biblioteca actual Ubicación en estantería Fecha de adquisición Fuente de adquisición Total de préstamos Signatura topográfica completa Código de barras Visto por última vez Precio de reemplazo Tipo de ítem Koha
        Biblioteca del Ateneo de Madrid Biblioteca del Ateneo de Madrid Sala Pecera Planta 1 17/01/2008     A-5232 1148600 23/02/2023 23/02/2023 Libro impreso